[Event "Titled Tue 27th May Early"]
[Site "chess.com INT"]
[Date "2025.05.27"]
[Round "3"]
[White "Demchenko, Anton"]
[Black "Germanovs, Georgijs"]
[Result "1-0"]
[WhiteTitle "GM"]
[BlackTitle "CM"]
[WhiteElo "2619"]
[BlackElo "2255"]
[WhiteFideId "4160258"]
[BlackFideId "11609710"]
[EventDate "2025.05.27"]

1. e4 e5 2. Nf3 Nc6 3. Bc4 Nf6 4. d3 h6 5. O-O d6 6. Nc3 g6 7. a4 Bg7 8. a5 a6
9. Be3 O-O 10. h3 Kh8 11. Re1 Ng8 12. d4 f5 13. exf5 Bxf5 14. dxe5 Nxe5 15. Nxe5
dxe5 16. Bc5 Qh4 17. Bxf8 Rxf8 18. Qe2 Bxh3 19. gxh3 Qxh3 20. Ne4 Rf4 21. Ra3
Qh4 22. Rg3 Ne7 23. Be6 Nc6 24. c3 Nd8 25. Bc8 Nf7 26. Bxb7 Bf8 27. b4 Kh7 28.
Qf1 Rf5 29. Qh3 Qf4 30. Rg4 Ng5 31. Nxg5+ Rxg5 32. Rxg5 Qxg5+ 33. Qg3 Qd2 34.
Kf1 Bd6 35. Be4 Kg7 36. Qxg6+ Kf8 37. Re3 Qd1+ 38. Kg2 Ke7 39. Bf5 Qd5+ 40. Re4
h5 41. Qg7+ Kd8 42. Qd7# 1-0

[Event "Titled Tue 27th May Early"]
[Site "chess.com INT"]
[Date "2025.05.27"]
[Round "3"]
[White "Sabatier, Mathis"]
[Black "Jaskolka, Tomasz"]
[Result "1-0"]
[WhiteTitle "CM"]
[BlackTitle "CM"]
[WhiteElo "2235"]
[BlackElo "2200"]
[WhiteFideId "26029685"]
[BlackFideId "1170791"]
[EventDate "2025.05.27"]

1. e4 d6 2. d4 Nf6 3. Nd2 Nbd7 4. Ngf3 e5 5. c3 Be7 6. Bd3 c6 7. O-O Qc7 8. Re1
h6 9. Nf1 O-O 10. Ng3 Re8 11. h3 Bf8 12. Be3 d5 13. dxe5 Nxe5 14. Nxe5 Qxe5 15.
Bd4 Qg5 16. e5 Ne4 17. Bxe4 dxe4 18. Nxe4 Qh4 19. Qf3 Be6 20. b3 b6 21. c4 c5
22. Bc3 Rad8 23. Rad1 Be7 24. Nd6 Rf8 25. Nf5 Qg5 26. g4 h5 27. h4 Rxd1 28. Rxd1
Bxf5 29. hxg5 Bxg4 30. Qd3 Bxd1 31. Qxd1 Bxg5 32. Qxh5 Bh6 33. Qf5 Rd8 34. e6
fxe6 35. Qxe6+ Kh7 36. Qf5+ Kg8 37. Kg2 Rf8 38. Qg6 Rf4 39. Be5 Rf7 40. Qe6 Kf8
41. Bd6+ Kg8 42. Qe8+ Kh7 43. Qxf7 1-0

[Event "Titled Tue 27th May Early"]
[Site "chess.com INT"]
[Date "2025.05.27"]
[Round "3"]
[White "Rushbrooke, Remy"]
[Black "Ferey, Antonin"]
[Result "0-1"]
[BlackTitle "CM"]
[WhiteElo "2090"]
[BlackElo "2238"]
[WhiteFideId "443590"]
[BlackFideId "36051454"]
[EventDate "2025.05.27"]

1. Nf3 g6 2. g3 Bg7 3. d4 d6 4. Bg2 Nf6 5. c4 O-O 6. Nc3 c6 7. O-O Nbd7 8. e4 e5
9. d5 Nc5 10. Qc2 a5 11. b3 cxd5 12. cxd5 b6 13. Be3 Ba6 14. Rfd1 Ng4 15. Bxc5
bxc5 16. Bf1 Bxf1 17. Kxf1 f5 18. Kg2 Rb8 19. h3 Nh6 20. Nd2 fxe4 21. Ncxe4 Nf5
22. Nc4 Nd4 23. Qd2 Rb6 24. Qxa5 Qd7 25. Nxb6 Qf5 26. Qe1 Qf3+ 27. Kh2 Qh5 28.
g4 Nf3+ 29. Kg3 Qh4+ 30. Kg2 Nxe1+ 31. Rxe1 h5 32. f3 Bh6 33. Nc4 Rxf3 34. Kxf3
Qxh3+ 35. Ke2 Qxg4+ 36. Kd3 Qf3+ 37. Ne3 h4 38. a4 h3 39. a5 h2 40. Re2 h1=Q 41.
Rxh1 Qxh1 42. Nc3 Bxe3 43. Kxe3 Qa1 44. Ra2 Qxc3+ 45. Ke4 Qxb3 0-1

[Event "Titled Tue 27th May Early"]
[Site "chess.com INT"]
[Date "2025.05.27"]
[Round "3"]
[White "Begunov, Konstantin"]
[Black "Dyachuk, Artem"]
[Result "0-1"]
[WhiteTitle "FM"]
[BlackTitle "FM"]
[WhiteElo "2325"]
[BlackElo "2356"]
[WhiteFideId "4118510"]
[BlackFideId "34107924"]
[EventDate "2025.05.27"]

1. d4 Nf6 2. c4 g6 3. f3 Bg7 4. e4 d6 5. Be3 O-O 6. Nc3 e5 7. Nge2 exd4 8. Nxd4
c6 9. Be2 d5 10. exd5 cxd5 11. c5 Re8 12. Qd2 Nh5 13. O-O Nc6 14. Ncb5 Nxd4 15.
Bxd4 Bxd4+ 16. Nxd4 Qh4 17. Rfe1 Bd7 18. Bf1 Rac8 19. b4 Ng7 20. g3 Qf6 21. f4
h5 22. Bg2 Ne6 23. Rad1 h4 24. Bxd5 hxg3 25. hxg3 Ba4 26. Bxe6 fxe6 27. Nb3 Rcd8
28. Qe2 Rd5 29. Rxd5 exd5 30. Qd2 Rxe1+ 31. Qxe1 Kf7 32. Qe3 Qb2 33. Nd4 Qb1+
34. Kg2 Qxa2+ 35. Kf3 Bd7 36. g4 Qh2 37. f5 Qh3+ 38. Kf4 g5+ 39. Kxg5 Qxe3+ 40.
Kh5 Qxd4 0-1

[Event "Titled Tue 27th May Early"]
[Site "chess.com INT"]
[Date "2025.05.27"]
[Round "3"]
[White "Sydoryka, Vladyslav"]
[Black "Reprintsev, Alexander"]
[Result "0-1"]
[WhiteTitle "FM"]
[BlackTitle "IM"]
[WhiteElo "2224"]
[BlackElo "2256"]
[WhiteFideId "14145928"]
[BlackFideId "14100541"]
[EventDate "2025.05.27"]

1. c4 e5 2. g3 c6 3. Nf3 e4 4. Nd4 d5 5. d3 exd3 6. Qxd3 Nf6 7. Bg2 dxc4 8. Qxc4
Qa5+ 9. Nc3 Qc5 10. Qd3 Na6 11. a3 Bg4 12. Nxc6 Bf5 13. Qe3+ Be6 14. Nd4 Ng4 15.
Qd3 O-O-O 16. Nxe6 Qxf2+ 17. Kd1 Rxd3+ 18. exd3 Qxg2 19. Re1 Nf2+ 20. Kc2 fxe6
21. Re2 Qf1 22. Rb1 Bc5 23. Be3 Qxe2+ 24. Nxe2 Bxe3 25. d4 Bh6 26. Rf1 Ng4 27.
Kd3 Rd8 28. h3 Nf6 29. g4 Nd5 30. Rf3 e5 31. Kc4 Nb6+ 0-1

[Event "Titled Tue 27th May Early"]
[Site "chess.com INT"]
[Date "2025.05.27"]
[Round "3"]
[White "Mahdavi, Reza"]
[Black "Bukreev, Stanislav"]
[Result "1-0"]
[WhiteTitle "IM"]
[BlackTitle "FM"]
[WhiteElo "2445"]
[BlackElo "2328"]
[WhiteFideId "12595926"]
[BlackFideId "34252347"]
[EventDate "2025.05.27"]

1. e4 e6 2. d3 c5 3. Nf3 Nc6 4. Qe2 g6 5. g3 Bg7 6. Bg2 Nge7 7. O-O O-O 8. c3 e5
9. a3 d6 10. b4 a6 11. Be3 b6 12. Nbd2 h6 13. Nc4 Be6 14. Rfd1 Qc7 15. Rac1 b5
16. Nb2 cxb4 17. cxb4 Qd7 18. d4 Bg4 19. dxe5 Nxe5 20. Nxe5 Bxe5 21. f3 Be6 22.
Bxh6 Rfc8 23. Nd3 Bd4+ 24. Be3 Qa7 25. Kf2 Bc4 26. Bxd4 Qxd4+ 27. Qe3 Qf6 28.
Rd2 Bxd3 29. Rxc8+ Rxc8 30. Qxd3 d5 31. exd5 Nf5 32. d6 Rd8 33. d7 Qb6+ 34. Kf1
Ne3+ 35. Kg1 Nc4+ 36. Qd4 Qe6 37. Rd1 Qe2 38. Bf1 Qxf3 39. Bxc4 bxc4 40. Re1 Qc6
41. Re7 c3 42. Qe5 Qb6+ 43. Kg2 Qc6+ 44. Kh3 f6 45. Re8+ Kg7 46. Qe7+ Kh6 47.
Rxd8 c2 48. Rh8+ Kg5 49. Qe3+ Kf5 50. Qf4+ Ke6 51. d8=N+ Ke7 52. Nxc6+ Kf7 1-0

[Event "Titled Tue 27th May Early"]
[Site "chess.com INT"]
[Date "2025.05.27"]
[Round "3"]
[White "Swara Lakshmi S Nair"]
[Black "Kim, Sergey"]
[Result "1/2-1/2"]
[WhiteTitle "WCM"]
[BlackTitle "FM"]
[WhiteElo "2178"]
[BlackElo "2295"]
[WhiteFideId "25629239"]
[BlackFideId "13700570"]
[EventDate "2025.05.27"]

1. e4 e5 2. Nf3 Nc6 3. d4 exd4 4. Nxd4 Bc5 5. Nb3 Bb6 6. Nc3 d6 7. Qe2 Nf6 8.
Be3 Be6 9. f3 Qe7 10. O-O-O O-O-O 11. Qf2 d5 12. Bxb6 axb6 13. exd5 Nxd5 14.
Nxd5 Rxd5 15. Bd3 Nb4 16. Kb1 Nxd3 17. Rxd3 Rxd3 18. cxd3 Bxb3 19. axb3 Rd8 20.
Rc1 Rxd3 21. Qxb6 Kb8 22. Qb5 Rd2 23. Qf1 Qe5 24. Rc2 Qf5 25. Qc4 c6 26. Kc1 Rd5
27. Qe2 Qf4+ 28. Kb1 Ka7 29. Rc4 Qf5+ 30. Qe4 Qd7 31. Ra4+ Kb8 32. Qf4+ Rd6 33.
Rd4 Kc7 34. Rxd6 Qxd6 35. Qxf7+ Kb6 36. Qxg7 Qxh2 37. Kc2 h5 38. Kc3 h4 39. Qd4+
Kc7 40. Qg7+ Kb8 41. Qf8+ Ka7 42. Qc5+ Kb8 43. Qf8+ Ka7 44. Qc5+ Kb8 45. Qf8+ 1/2-1/2

[Event "Titled Tue 27th May Early"]
[Site "chess.com INT"]
[Date "2025.05.27"]
[Round "3"]
[White "Nayem, Haque"]
[Black "Leon Acevedo, Juan Alejandro"]
[Result "1-0"]
[WhiteTitle "FM"]
[BlackTitle "CM"]
[WhiteElo "2180"]
[BlackElo "2040"]
[WhiteFideId "10217754"]
[BlackFideId "4459261"]
[EventDate "2025.05.27"]

1. e4 c5 2. Nf3 Nc6 3. Bb5 e5 4. O-O Bd6 5. c3 a6 6. Bxc6 dxc6 7. d4 exd4 8.
cxd4 Ne7 9. e5 Bc7 10. dxc5 Bg4 11. Bf4 Qxd1 12. Rxd1 Ng6 13. Bg3 O-O 14. Nbd2
Rfe8 15. Re1 Rad8 16. h3 Bxf3 17. Nxf3 Rd5 18. Rad1 h5 19. Rxd5 cxd5 20. Rd1
Nxe5 21. Rxd5 Nxf3+ 22. gxf3 Re1+ 23. Kg2 Bxg3 24. Kxg3 Re2 25. b4 Rxa2 26. Rd8+
Kh7 27. Rb8 a5 28. b5 Rc2 29. Rxb7 Rxc5 30. f4 a4 31. b6 Rb5 32. Kh4 a3 33. Rxf7
Rxb6 34. Ra7 Rb4 35. Kg5 Rb5+ 36. f5 a2 37. Rxa2 Rb4 38. Kxh5 Rb3 39. h4 Rb5 40.
Kg5 Rb1 41. Ra3 Rg1+ 42. Rg3 Rf1 43. f3 1-0

[Event "Titled Tue 27th May Early"]
[Site "chess.com INT"]
[Date "2025.05.27"]
[Round "3"]
[White "Beniosev, Daniel"]
[Black "Gabrielian, Artur"]
[Result "0-1"]
[WhiteTitle "CM"]
[BlackTitle "GM"]
[WhiteElo "2010"]
[BlackElo "2419"]
[WhiteFideId "11632674"]
[BlackFideId "4131002"]
[EventDate "2025.05.27"]

1. e4 c5 2. Nc3 d6 3. g3 Nc6 4. Bg2 g6 5. d3 Bg7 6. Be3 Nf6 7. h3 Rb8 8. Qd2 O-O
9. Bh6 Bxh6 10. Qxh6 Nd4 11. Qd2 b5 12. Nge2 b4 13. Nd1 a5 14. O-O Bxh3 15. Nxd4
Bxg2 16. Nc6 Qc7 17. Nxe7+ Qxe7 18. Kxg2 d5 19. exd5 Nxd5 20. Rh1 Qb7 21. f3
Rbe8 22. Qh6 f5 23. Rf1 Re2+ 24. Rf2 Rfe8 25. c4 bxc3 26. bxc3 Nxc3 27. Qf4 Nxd1
28. Rxd1 Rxf2+ 29. Kxf2 Qb2+ 30. Rd2 Qd4+ 31. Qxd4 cxd4 32. Rb2 Re3 33. Rb3 a4
34. Ra3 Kg7 35. Rxa4 Rxd3 36. Ke2 Re3+ 37. Kf2 Rc3 38. Rxd4 Rc2+ 39. Ke3 Rxa2
40. Kf4 Kf6 41. g4 g5+ 42. Ke3 f4+ 43. Ke4 Re2+ 44. Kd5 Re3 0-1

[Event "Titled Tue 27th May Early"]
[Site "chess.com INT"]
[Date "2025.05.27"]
[Round "3"]
[White "Korchynskyi, Mykola"]
[Black "Herrera Ortiz, Miguel"]
[Result "1-0"]
[WhiteTitle "FM"]
[BlackTitle "IM"]
[WhiteElo "2325"]
[BlackElo "2174"]
[WhiteFideId "34138005"]
[BlackFideId "5100550"]
[EventDate "2025.05.27"]

1. d4 d5 2. Nf3 Nf6 3. Bf4 e6 4. e3 Bd6 5. Nbd2 O-O 6. Bd3 c5 7. c3 b6 8. O-O
Bb7 9. Qe2 Nc6 10. Bg5 Be7 11. Rad1 Qc7 12. Rfe1 Rad8 13. h3 h6 14. Bh4 Rfe8 15.
Bb1 g6 16. Bxf6 Bxf6 17. e4 cxd4 18. e5 Bg7 19. cxd4 Qe7 20. h4 h5 21. Nf1 Rc8
22. Ng5 Nb4 23. Ng3 Ba6 24. Qf3 Nc2 25. Nxh5 gxh5 26. Qxh5 f6 27. Qh7+ Kf8 28.
exf6 Qxf6 29. Bxc2 Rc7 30. Re3 Ke7 31. Rf3 1-0

[Event "Titled Tue 27th May Early"]
[Site "chess.com INT"]
[Date "2025.05.27"]
[Round "3"]
[White "Eames, Robert S"]
[Black "Toropov, Pavel"]
[Result "0-1"]
[WhiteTitle "FM"]
[BlackTitle "FM"]
[WhiteElo "2136"]
[BlackElo "2308"]
[WhiteFideId "408743"]
[BlackFideId "24129178"]
[EventDate "2025.05.27"]

1. e4 d5 2. exd5 Qxd5 3. Nc3 Qd6 4. d4 Nf6 5. Nf3 a6 6. g3 b5 7. Bg2 Bb7 8. Bf4
Qb6 9. O-O e6 10. Re1 Bd6 11. a4 Bxf4 12. gxf4 O-O 13. axb5 axb5 14. Rxa8 Bxa8
15. f5 exf5 16. Re5 b4 17. Na4 Qc6 18. Nc5 Nbd7 19. Nh4 Qb6 20. Nxd7 Nxd7 21.
Rxf5 Bxg2 22. Nxg2 g6 23. Rf4 Qd6 24. Qd2 Nb6 25. Rh4 Nd5 26. Qh6 Nf6 27. Ne3
Re8 28. Kg2 Re4 29. Rxe4 Nxe4 30. Ng4 Qxd4 31. Qf4 f5 32. Ne3 Qd6 33. Qh4 c5 34.
Nc4 Qe6 35. Ne3 Qd6 36. Nc4 Qd4 37. Ne3 Nf6 38. h3 Qxh4 0-1

[Event "Titled Tue 27th May Early"]
[Site "chess.com INT"]
[Date "2025.05.27"]
[Round "3"]
[White "Janukshan, B"]
[Black "Brenke, Andreas"]
[Result "1-0"]
[WhiteTitle "CM"]
[BlackTitle "FM"]
[WhiteElo "1967"]
[BlackElo "2349"]
[WhiteFideId "29945399"]
[BlackFideId "4602900"]
[EventDate "2025.05.27"]

1. d4 d5 2. Nf3 Nf6 3. e3 c5 4. b3 cxd4 5. exd4 Nc6 6. Bb2 Bg4 7. Be2 e6 8. O-O
Be7 9. h3 Bh5 10. c4 O-O 11. Nbd2 Ne4 12. Re1 f5 13. Rc1 Bf6 14. Ne5 Bxe2 15.
Rxe2 dxc4 16. Nxe4 fxe4 17. Nxc6 bxc6 18. Rxc4 Qd5 19. Rc5 Qd6 20. Rxe4 Rad8 21.
Qe2 Rfe8 22. Qc4 Rc8 23. Qa4 Qd7 24. Ra5 Rc7 25. Ra6 Rd8 26. Qc4 Kf7 27. f4 Qd5
28. Qe2 g6 29. Ra4 Re8 30. Rc4 h5 31. Rc5 Qd6 32. f5 gxf5 33. Qxh5+ Kg7 34. Qxe8
fxe4 35. Rc4 Rf7 36. Qxc6 Qf4 37. Qxe6 Qe3+ 38. Kh1 Bh4 39. d5+ Kh7 40. Qxf7+
Kh6 41. Qg7+ Kh5 42. g4# 1-0

[Event "Titled Tue 27th May Early"]
[Site "chess.com INT"]
[Date "2025.05.27"]
[Round "3"]
[White "Noy, Eyal"]
[Black "King, Alexander"]
[Result "1-0"]
[WhiteTitle "FM"]
[BlackTitle "FM"]
[WhiteElo "2346"]
[BlackElo "2263"]
[WhiteFideId "2821117"]
[BlackFideId "2063620"]
[EventDate "2025.05.27"]

1. e4 e6 2. d3 d5 3. Nd2 c5 4. Qe2 Nc6 5. g3 Bd6 6. exd5 Nd4 7. Qd1 exd5 8. c3
Qe7+ 9. Ne2 Nxe2 10. Bxe2 Nf6 11. O-O O-O 12. Re1 Re8 13. Nf3 Bg4 14. Be3 h6 15.
Kg2 Qd7 16. Ng1 Bxe2 17. Rxe2 Re6 18. Qc2 Rae8 19. Rae1 Qc6 20. Nf3 g5 21. h3
Kg7 22. d4 c4 23. Nd2 Qd7 24. Qf5 Qe7 25. Nf3 Re4 26. Ng1 Qe6 27. Qxe6 R4xe6 28.
Kf1 Ne4 29. Kg2 Kg6 30. Bc1 1-0

[Event "Titled Tue 27th May Early"]
[Site "chess.com INT"]
[Date "2025.05.27"]
[Round "3"]
[White "Cuellar Montes, Alejandro"]
[Black "Vasquez Schroeder, Rodrigo"]
[Result "1/2-1/2"]
[WhiteTitle "CM"]
[BlackTitle "GM"]
[WhiteElo "2173"]
[BlackElo "2446"]
[WhiteFideId "32096836"]
[BlackFideId "3400042"]
[EventDate "2025.05.27"]

1. e4 e6 2. d4 d5 3. Bd3 Nf6 4. e5 Nfd7 5. Ne2 c5 6. c3 Nc6 7. a3 cxd4 8. cxd4
Nb6 9. O-O Bd7 10. f4 g6 11. b4 a6 12. Nbc3 Rc8 13. Be3 h5 14. Qc2 Ne7 15. a4
Nf5 16. Bxf5 gxf5 17. Qb3 Nc4 18. Rf3 h4 19. h3 Be7 20. Ra2 Qb6 21. b5 axb5 22.
Nxb5 O-O 23. g4 hxg3 24. Rxg3+ Kh7 25. Qd1 Rg8 26. Rxg8 Rxg8+ 27. Kf2 Rg2+ 28.
Kf3 Bxb5 29. axb5 Qxb5 30. Bf2 Rg6 31. Ng3 Qb4 32. Kg2 Qc3 33. Qh5+ Kg7 34. Ra8
Rh6 35. Rg8+ Kxg8 36. Qxh6 Ne3+ 37. Bxe3 Qxe3 38. Nh5 Qe2+ 39. Kh1 Qf1+ 40. Kh2
Qf2+ 41. Kh1 Qf1+ 42. Kh2 Qf2+ 43. Kh1 Qf1+ 1/2-1/2

[Event "Titled Tue 27th May Early"]
[Site "chess.com INT"]
[Date "2025.05.27"]
[Round "3"]
[White "Sadubayev, Airat"]
[Black "Onyshchuk, Volodymyr"]
[Result "0-1"]
[WhiteTitle "FM"]
[BlackTitle "GM"]
[WhiteElo "2211"]
[BlackElo "2602"]
[WhiteFideId "13713264"]
[BlackFideId "14114038"]
[EventDate "2025.05.27"]

1. d4 d6 2. Nf3 g6 3. c4 Bg7 4. Nc3 Nc6 5. h3 e5 6. d5 Nce7 7. e4 f5 8. exf5
gxf5 9. Ng5 Nf6 10. Be2 O-O 11. O-O Ng6 12. Bd3 e4 13. Bc2 Qe7 14. f3 h6 15. Ne6
Bxe6 16. dxe6 Qxe6 17. fxe4 fxe4 18. Be3 Rae8 19. Qd2 Kh7 20. b3 c6 21. Rae1 d5
22. cxd5 cxd5 23. Bxa7 Rd8 24. Bd4 Kh8 25. Bxf6 Rxf6 26. Rxf6 Qxf6 27. Nxd5 Qd4+
28. Qxd4 Bxd4+ 29. Ne3 Nf4 30. Kh1 Nd3 31. Re2 Rf8 32. Ng4 Rf1+ 33. Kh2 Bg1+ 34.
Kg3 h5 35. Rxe4 Ne1 36. Re8+ Kg7 0-1

[Event "Titled Tue 27th May Early"]
[Site "chess.com INT"]
[Date "2025.05.27"]
[Round "3"]
[White "Do Carmo, Gabriel Carckeno"]
[Black "Darmanin, Jake"]
[Result "1/2-1/2"]
[BlackTitle "CM"]
[WhiteElo "2021"]
[BlackElo "2065"]
[WhiteFideId "22783024"]
[BlackFideId "5601061"]
[EventDate "2025.05.27"]

1. c4 Nf6 2. Nc3 e6 3. e4 d5 4. e5 d4 5. exf6 dxc3 6. bxc3 Qxf6 7. d4 c5 8. Nf3
cxd4 9. cxd4 Bb4+ 10. Bd2 Bxd2+ 11. Qxd2 O-O 12. Be2 Nc6 13. O-O Rd8 14. Rfd1 b6
15. Rac1 Bb7 16. c5 bxc5 17. Rxc5 Ne7 18. Rc7 Bd5 19. Qg5 Nf5 20. Qxf6 gxf6 21.
g4 Nd6 22. g5 fxg5 23. Nxg5 h6 24. Nf3 a5 25. Ne5 Rac8 26. Rdc1 Rxc7 27. Rxc7
Bxa2 28. Ra7 Bd5 29. Rxa5 Nf5 30. Ra7 Nxd4 31. Nxf7 Nxe2+ 32. Kf1 Rb8 33. Nxh6+
Kf8 34. Kxe2 Rb2+ 35. Ke3 Rb3+ 36. Kd4 Rh3 37. Rf7+ Ke8 38. Rh7 Rxh2 39. Ke5
Rxf2 40. Kd6 Rf8 41. Rc7 Kd8 42. Nf7+ Ke8 43. Ne5 Kd8 44. Nf7+ Ke8 45. Ne5 Kd8
46. Nf7+ 1/2-1/2

[Event "Titled Tue 27th May Early"]
[Site "chess.com INT"]
[Date "2025.05.27"]
[Round "3"]
[White "Vargas Pereda, Jesus Manue"]
[Black "Maslovskiy, Vladimir"]
[Result "0-1"]
[WhiteTitle "CM"]
[BlackTitle "FM"]
[WhiteElo "1948"]
[BlackElo "2370"]
[WhiteFideId "5115710"]
[BlackFideId "24273546"]
[EventDate "2025.05.27"]

1. e4 e5 2. Nf3 Nc6 3. d4 exd4 4. c3 dxc3 5. Nxc3 Bb4 6. Bc4 Nge7 7. Ng5 Ne5 8.
Bb3 h6 9. Bf4 N7g6 10. Nxf7 Bxc3+ 11. bxc3 Nxf7 12. Qh5 Qf6 13. Bd2 O-O 14. O-O
d6 15. f4 Kh8 16. Rae1 Bd7 17. f5 Nge5 18. Re3 g6 19. Rh3 gxh5 20. Rxh5 Kg7 21.
Rh3 Ng5 22. Rf4 Nxh3+ 23. gxh3 Qg5+ 24. Rg4 Qxg4+ 25. hxg4 Nxg4 26. Be3 Nxe3 27.
Kf2 Nxf5 28. exf5 Rxf5+ 29. Ke3 Re8+ 30. Kd4 Rfe5 31. Bd5 Rxd5+ 0-1

[Event "Titled Tue 27th May Early"]
[Site "chess.com INT"]
[Date "2025.05.27"]
[Round "3"]
[White "Mayorau, Mikita1"]
[Black "Boramanikar, Tanisha S"]
[Result "1-0"]
[WhiteTitle "GM"]
[BlackTitle "WCM"]
[WhiteElo "2472"]
[BlackElo "1743"]
[WhiteFideId "13501720"]
[BlackFideId "35023454"]
[EventDate "2025.05.27"]

1. e4 c5 2. Nf3 Nc6 3. Bb5 d6 4. O-O Bd7 5. c3 g6 6. d4 cxd4 7. cxd4 e6 8. Nc3
Bg7 9. Be3 Nge7 10. Rc1 O-O 11. Qd2 a6 12. Ba4 b5 13. Bc2 Rc8 14. Rfd1 f5 15.
exf5 Nxf5 16. Bg5 Qe8 17. d5 Ne5 18. Nxe5 Bxe5 19. dxe6 Bxe6 20. Re1 Qf7 21. a4
b4 22. Ne4 Bxb2 23. Rb1 Bc3 24. Nxc3 bxc3 25. Qd1 d5 26. Rb6 Rce8 27. Rxa6 d4
28. Raxe6 Ne3 29. fxe3 Rxe6 30. Bb3 Qf2+ 31. Kh1 c2 32. Bxe6+ Kg7 33. Qxd4+ Rf6
34. Bxf6+ Kh6 35. Qh4+ Qxh4 36. Bxh4 1-0

[Event "Titled Tue 27th May Early"]
[Site "chess.com INT"]
[Date "2025.05.27"]
[Round "3"]
[White "Thorhallsson, Simon"]
[Black "Maglioni, Leonardo"]
[Result "1-0"]
[WhiteTitle "FM"]
[WhiteElo "2218"]
[BlackElo "2069"]
[WhiteFideId "2310090"]
[BlackFideId "2896830"]
[EventDate "2025.05.27"]

1. Nf3 Nf6 2. g3 g6 3. b3 b6 4. Bb2 Bg7 5. Bg2 Bb7 6. O-O O-O 7. c4 c5 8. d4
cxd4 9. Qxd4 Nc6 10. Qh4 d5 11. cxd5 Qxd5 12. Ng5 Qf5 13. Bxf6 h6 14. Bxg7 Kxg7
15. Nf3 g5 16. Qa4 Qf6 17. Nbd2 Rad8 18. Rad1 a6 19. Qc4 b5 20. Qc5 Qb2 21. Ne4
Qxe2 22. Rde1 Qxa2 23. Nexg5 Qxb3 24. Qf5 Qd3 25. Ne4 Bc8 26. Qf4 Rd5 27. Re3
Qc4 28. Nh4 e5 29. Qf6+ Kh7 30. Nf5 Bxf5 31. Qxf5+ Kg7 32. Nf6 Rd6 33. Nh5+ Kh8
34. Bxc6 Qxc6 35. Qxe5+ f6 36. Qe7 Rd7 37. Qxf8+ Kh7 38. Nxf6+ Kg6 39. Nxd7 Qxd7
40. Re7 Qd6 41. Rg7+ 1-0

[Event "Titled Tue 27th May Early"]
[Site "chess.com INT"]
[Date "2025.05.27"]
[Round "3"]
[White "Alfaro, William"]
[Black "Lazniewska, Zofia"]
[Result "1-0"]
[WhiteTitle "FM"]
[BlackTitle "WFM"]
[WhiteElo "2077"]
[BlackElo "1906"]
[WhiteFideId "6100457"]
[BlackFideId "21847266"]
[EventDate "2025.05.27"]

1. e4 c5 2. Nf3 Nc6 3. d4 cxd4 4. Nxd4 g6 5. c4 Nf6 6. Nc3 d6 7. Be2 Nxd4 8.
Qxd4 Bg7 9. Be3 O-O 10. Qd2 a5 11. O-O a4 12. Rab1 Qa5 13. Rfd1 Be6 14. b3 axb3
15. axb3 Rfc8 16. Bd4 Nd7 17. b4 Qd8 18. Bxg7 Kxg7 19. Nd5 Bxd5 20. exd5 Ne5 21.
Qd4 Kg8 22. c5 Nd7 23. c6 bxc6 24. dxc6 Nb6 25. b5 Qc7 26. Ra1 Rxa1 27. Rxa1 Ra8
28. Rxa8+ Nxa8 29. h4 Nb6 30. h5 e5 31. Qh4 f5 32. Qf6 gxh5 33. Qxf5 h4 34. Bh5
Kh8 35. Qf6+ Kg8 36. Qe6+ Kh8 37. Qf6+ Kg8 38. Bg4 Nc4 39. Be6+ 1-0

[Event "Titled Tue 27th May Early"]
[Site "chess.com INT"]
[Date "2025.05.27"]
[Round "3"]
[White "Yilmaz, Mustafa"]
[Black "Novosel, Lovro"]
[Result "1-0"]
[WhiteTitle "GM"]
[BlackTitle "FM"]
[WhiteElo "2586"]
[BlackElo "2346"]
[WhiteFideId "6302718"]
[BlackFideId "14547120"]
[EventDate "2025.05.27"]

1. d4 Nf6 2. c4 e6 3. Nf3 d5 4. Nc3 Bb4 5. Bg5 h6 6. Bh4 dxc4 7. e3 b5 8. a4 c6
9. Be2 Bb7 10. Ne5 a6 11. Bf3 Qc8 12. O-O Nbd7 13. Qc2 O-O 14. b3 Bxc3 15. Qxc3
Nd5 16. Qc2 Nxe5 17. dxe5 cxb3 18. Qxb3 Nb6 19. Rfb1 Qc7 20. Bg3 Nxa4 21. h4 Nb6
22. Qb4 c5 23. Qg4 Bxf3 24. gxf3 c4 25. Kh2 Kh8 26. Rg1 Rg8 27. Qh5 c3 28. Bf4
Kh7 29. e4 b4 30. Rg3 Qe7 31. Rag1 Qf8 32. Rxg7+ Rxg7 33. Bxh6 Rg2+ 34. Rxg2
Qxh6 35. Qxf7+ Kh8 36. Rg6 Qxh4+ 37. Kg2 Qh7 38. Qf6+ 1-0

[Event "Titled Tue 27th May Early"]
[Site "chess.com INT"]
[Date "2025.05.27"]
[Round "3"]
[White "Korneev Leskova, Svyatoslav"]
[Black "Kjaergaard-Jensen, Jesper"]
[Result "1-0"]
[WhiteTitle "CM"]
[BlackTitle "CM"]
[WhiteElo "2172"]
[BlackElo "2081"]
[WhiteFideId "22267565"]
[BlackFideId "1406990"]
[EventDate "2025.05.27"]

1. d4 Nf6 2. Nf3 d6 3. e3 c6 4. h3 Bf5 5. b3 Nbd7 6. Bb2 d5 7. Bd3 e6 8. Nbd2
Bb4 9. Qe2 Ne4 10. O-O Nc3 11. Qe1 Bxd3 12. cxd3 Nb5 13. a3 Be7 14. Ne5 Nxe5 15.
dxe5 O-O 16. f4 c5 17. a4 Nc7 18. Qg3 a6 19. f5 exf5 20. Rxf5 Ne6 21. Raf1 b5
22. e4 d4 23. Qf3 bxa4 24. bxa4 Qe8 25. Nc4 Rb8 26. a5 Rb5 27. Bc1 g6 28. Qg3
Kh8 29. R5f2 Ng7 30. Bh6 Rb7 31. Qg4 Nh5 32. Bxf8 Bxf8 33. e6 f6 34. Qf3 Be7 35.
e5 f5 36. Qxb7 Qd8 37. Qd7 Kg7 38. Qxd8 Bxd8 39. Rb2 Bg5 40. Rb7+ Kf8 41. Rd7
Ng7 42. Rb1 Nxe6 43. Rb8+ Nd8 44. Rbxd8+ 1-0

[Event "Titled Tue 27th May Early"]
[Site "chess.com INT"]
[Date "2025.05.27"]
[Round "3"]
[White "Omariev, Maksim"]
[Black "Sklokin, Sergey"]
[Result "0-1"]
[WhiteTitle "FM"]
[BlackTitle "FM"]
[WhiteElo "2304"]
[BlackElo "2311"]
[WhiteFideId "4193423"]
[BlackFideId "55730230"]
[EventDate "2025.05.27"]

1. g4 d5 2. Bg2 Bxg4 3. c4 c6 4. Qb3 Nf6 5. Qxb7 Nbd7 6. Nc3 e6 7. Qxc6 Rc8 8.
Qa6 Rxc4 9. b3 Rc8 10. Ba3 Bxa3 11. Qxa3 Qe7 12. Qxa7 O-O 13. h3 Bh5 14. Qd4
Rfd8 15. f4 e5 16. fxe5 Nxe5 17. Kf2 Nc6 18. Qf4 Bg6 19. h4 h5 20. Nh3 Ne5 21.
Ng5 Neg4+ 22. Kf1 d4 23. Nce4 Nd5 24. Qg3 f6 25. Ke1 fxg5 26. Nxg5 Nb4 27. Rd1
Rf8 28. d3 Rc2 29. Bf3 Ne3 30. Rb1 Rxa2 31. Kf2 Nxd3+ 32. Kg1 Nf4 33. Kh2 Nxe2 0-1